Periodoncia / (Registro nro. 5196)
[ vista simple ]
| 000 -CABECERA | |
|---|---|
| campo de control de longitud fija | 00515nam a2200205 b 4500 |
| 001 - NÚMERO DE CONTROL | |
| campo de control | Rebiun12265307 |
| 003 - IDENTIFICADOR DEL NÚMERO DE CONTROL | |
| campo de control | AR-RoIUNI |
| 005 - FECHA Y HORA DE LA ÚLTIMA TRANSACCIÓN | |
| campo de control | 20241122062930.0 |
| 008 - DATOS DE LONGITUD FIJA--INFORMACIÓN GENERAL | |
| campo de control de longitud fija | 990701s1993 mx 001 0 spa d |
| 020 ## - NÚMERO INTERNACIONAL ESTÁNDAR DEL LIBRO | |
| Número Internacional Estándar del Libro | 9682517354 |
| 040 ## - FUENTE DE LA CATALOGACIÓN | |
| Centro/agencia transcriptor | AR-RoIUNI |
| 080 ## - NÚMERO DE LA CLASIFICACIÓN DECIMAL UNIVERSAL | |
| Número de la Clasificación Decimal Universal | 616.314 |
| 100 1# - ENTRADA PRINCIPAL--NOMBRE DE PERSONA | |
| Nombre de persona | Genco, Robert J. |
| 245 10 - MENCIÓN DE TÍTULO | |
| Título | Periodoncia / |
| Mención de responsabilidad, etc. | Genco, Robert J. |
| 260 ## - PUBLICACIÓN, DISTRIBUCIÓN, ETC. (PIE DE IMPRENTA) | |
| Lugar de publicación, distribución, etc. | M�exico : |
| Nombre del editor, distribuidor, etc. | McGraw Hill, |
| Fecha de publicación, distribución, etc. | 1993 |
| 300 ## - DESCRIPCIÓN FÍSICA | |
| Extensión | 259 p. : |
| Otras características físicas | il. ; |
| Dimensiones | x cm |
| 650 #0 - PUNTO DE ACCESO ADICIONAL DE MATERIA--TÉRMINO DE MATERIA | |
| Término de materia o nombre geográfico como elemento inicial | Odontología |
| 9 (RLIN) | 546 |
| 650 #4 - PUNTO DE ACCESO ADICIONAL DE MATERIA--TÉRMINO DE MATERIA | |
| Término de materia o nombre geográfico como elemento inicial | Periodoncia |
| 942 ## - ELEMENTOS DE PUNTO DE ACCESO ADICIONAL (KOHA) | |
| Fuente del sistema de clasificación o colocación | Clasificación Decimal Universal |
| Tipo de ítem Koha | Libros |
| Estado de retiro | Estado de pérdida | Fuente del sistema de clasificación o colocación | Estado dañado | Excepción de préstamo | Código de colección | Localización permanente | Ubicación/localización actual | Ubicación en estantería | Fecha de adquisición | Fuente de adquisición | Número de inventario | Total de préstamos | Signatura topográfica completa | Código de barras | Fecha visto por última vez | Precio válido a partir de | Tipo de ítem Koha |
|---|---|---|---|---|---|---|---|---|---|---|---|---|---|---|---|---|---|
| Clasificación Decimal Universal | Odontología | BIBLIOTECA RIOBAMBA | BIBLIOTECA RIOBAMBA | BIBLIOTECA RIOBAMBA | 07/04/2021 | Donación | 6840 | 616.314 GEN | 6840 | 07/04/2021 | 07/04/2021 | Libros |

